Delitos sexuales /

Contiene: Introducción; De los delitos sexuales: Estupro; Atentados al pudor; Desfloración (seducción); Corrupción de menores; Procedimiento criminal. Acción pública y privada. Prescripción; Principios comunes relativos a los diversos delitos sexuales.

I tiakina i:
Ngā taipitopito rārangi puna kōrero
Kaituhi matua: Gusmâo, Chrysolito de (autor)
Hōputu: Pukapuka
Reo:Pāniora
I whakaputaina: Buenos Aires, Argentina : Editorial Bibliográfica Argentina, 1958, c1958
Ngā marau:
Ngā Tūtohu: Tāpirihia he Tūtohu
Kāore He Tūtohu, Me noho koe te mea tuatahi ki te tūtohu i tēnei pūkete!

MARC

LEADER 00000nam^a2200000^a^4500
001 000183799
005 20250521000000.0
009 20260310102054.634
037 |a Acervo ITESO - Biblioteca 
041 |a ESP 
082 |a 345. 810253  |b GUS 
100 |a Gusmâo, Chrysolito de  |e (autor) 
245 1 0 |a Delitos sexuales /  |c C. de Gusmâo ; tr. por Manuel Osorio y Florit. 
264 4 |a Buenos Aires, Argentina :  |b Editorial Bibliográfica Argentina,  |c 1958, c1958 
300 |a 316 p. 
336 |a texto  |b txt  |2 rdacontenido 
337 |a sin mediación  |b n  |2 rdamedio 
338 |a volumen  |b nc  |2 rdasoporte 
520 |a Contiene: Introducción; De los delitos sexuales: Estupro; Atentados al pudor; Desfloración (seducción); Corrupción de menores; Procedimiento criminal. Acción pública y privada. Prescripción; Principios comunes relativos a los diversos delitos sexuales. 
649 |a XX 
650 |a Delitos Sexuales -  |z Brasil 
650 |a Delitos -  |z Brasil 
650 |a Delitos contra la Persona -  |z Brasil 
650 |a Derecho Penal -  |z Brasil 
650 |a Derecho Público -  |z Brasil 
910 |a Fondo General 
920 |a Impresos - Libros 
930 |a Colección General 
905 |a 101 
901 |a 0500124551  |b IT1  |c ACC  |u 20250521 
902 |a https://opac.biblio.iteso.mx/vufind/Record/000183799